MARC

LEADER 00000nam a22000007a 4500
005 20211229223244.0
007 cr|||| ||||
008 211229s2019 eu |||||s||||i00||0 eng d
020 |a 978-92-79-69181-2 
035 |a 34044 
040 |a vLex 
090 |c 12799  |d 12799 
100 1 |a Hausemer, Pierre 
245 1 0 |a Exploratory study of consumer issues in online peer-to-peer platform markets  |h [Recurso electrn̤ico] /  |c Pierre Hausemer, Julia Rzepecka, Marius Dragulin, Simone Vitiello, Lison Rabuel, Madalina Nunu, Adriana Rodriguez Diaz, Emma Psaila, Sara Fiorentini, Sara Gysen, Tim Meeusen, Simon Quaschning, Allison Dunne, Vadim Grinevich, Franz Huber, Linda Baines 
256 |a Servicio en ln̕ea 
260 |a Bruselas:  |b European Union Publications Office,  |c 2019 
300 |a 1 recurso electrn̤ico 
500 |a Task 4 report: cross analysis of case studies of 10 peer-to-peer platforms. 
506 1 |a Disponible solo en los productos indicados  |d vLex Global  |d vLex Global (Academic Edition, excluding Law Schools)  |d vLex Global (U.S. Academic Edition, Law Schools)  |d vLex Global (U.S. Academic Edition, excluding Law Schools)  |d vLex Global (Academic Edition, Law Schools) 
650 0 4 |a Derecho Comunitario  |z Unin̤ Europea 
650 0 4 |a Derecho de las Nuevas Tecnologa̕s  |z Unin̤ Europea 
700 1 |a Rzepecka, Julia 
700 1 |a Dragulin, Marius 
700 1 |a Vitiello, Simone 
700 1 |a Rabuel, Lison 
700 1 |a Nunu, Madalina 
700 1 |a Rodriguez Diaz, Adriana 
700 1 |a Psaila, Emma 
700 1 |a Fiorentini, Sara 
700 1 |a Gysen, Sara 
700 1 |a Meeusen, Tim 
700 1 |a Quaschning, Simon 
700 1 |a Dunne, Allison 
700 1 |a Grinevich, Vadim 
700 1 |a Huber, Franz 
700 1 |a Baines, Linda 
740 0 |a vLex Libros (Servicio en ln̕ea) 
856 4 0 |u https://app.vlex.com/#/sources/34044  |z Acceso restringido 
942 |c BOOK 
999 0 |a Community Law 
999 0 |a New Technologies Law